| 000 | 00489nam a2200205Ia 4500 | ||
|---|---|---|---|
| 008 | 210210b1906 xxu||||| |||| 00| 0 eng d | ||
| 082 | _a544/96 | ||
| 100 | _aJONES (Harry C) | ||
| 245 | _aTheory of electrolytic dissociation Ed 3 | ||
| 250 | _a | ||
| 260 |
_aNew York _bThe Macmillan Company _c1906 |
||
| 300 | _a289 | ||
| 650 | _aTheory | ||
| 650 | _aelectrolytic | ||
| 650 | _aEd | ||
| 650 | _adissociation | ||
| 650 | _a3 | ||
| 690 | _aInorganic Chemistry | ||
| 906 | _a009752 | ||
| 999 |
_c127125 _d127125 |
||